MARC

LEADER 00000nam0a2200000 4500
001 21487
005 20231101205431.0
035 |a (RuTPU)RU\TPU\book\21689 
035 |a BOOK00021759 
090 |a 21487 
100 |a 20011209d1987 m y0rusy50 ca 
101 0 |a rus  |a eng 
102 |a RU 
105 |a a j 000zy 
200 1 |a Учитесь читать литературу по специальности на английском языке  |e учебное пособие  |f А. С. Беляева 
210 |a Москва  |c Высшая школа  |d 1987 
215 |a 136 с.  |c ил. 
606 1 |a Английский язык  |x Учебные руководства и пособия  |x Книги для чтения по различным специальностям. Технические хрестоматии  |2 stltpush  |3 (RuTPU)RU\TPU\subj\29076  |9 52488 
610 1 |a машиностроение 
610 1 |a машины 
610 1 |a механизмы 
610 1 |a детали машин 
610 1 |a учебные пособия 
686 |a Ш143.21-923.81  |v LBC/SL-A  |2 rubbk 
700 1 |a Беляева  |b А. С.  |g Александра Семеновна 
801 0 |a RU  |b 63413507  |c 20011209  |g PSBO 
801 2 |a RU  |b 63413507  |c 20200622  |g PSBO 
942 |c BK